000 00417nam a22001697a 4500
003 NUST - PNEC
005 20170116180837.0
008 150811b xxu||||| |||| 00| 0 eng d
020 _a047107392x
040 _cLIBRARY
082 _a532.5 BIR
100 _95087
_a Bird, R. Byron
245 _a Transport phenomena
_c Byron, Bird, R
260 _cc 1960
650 _95089
_aTransport theory
_x-
942 _2ddc
_cBK
999 _c64269
_d64269